000 00626nam a2200217Ia 4500
003 GCL
005 20240530110036.0
008 140319s9999 xx 000 0 ara d
020 _a7037311977
040 _aGCL /
_cGCL
082 0 4 _a813.03
_bا ف
100 1 _aاحسان عبدالقدوس
245 1 0 _aفى وادى الغلابة /
_cاحسان عبدالقدوس
260 _aالقاهرة :
_bمكتبة مصر ،
_c1988
300 _a151 ص ؛
_c18 سم
650 0 4 _aالادب العربى
650 0 4 _aالقصص العربية
650 0 4 _aمصر
650 0 4 _aالمجموعات
942 _2ddc
_cBK
999 _c58151
_d58151